Evaluación del proyecto de extensión universitaria ECC /

Evaluación de proyecto de extensión en empresas comunitarias de campesinos de la Escuela de Planificación y Promoción de la Universidad Nacional, Heredia, Costa Rica. Delínea el contexto del programa de la evaluación y caracteriza el comportamiento de cada uno de los actores sociales que intervienen...

وصف كامل

محفوظ في:
التفاصيل البيبلوغرافية
المؤلف الرئيسي: Palma Rodríguez, Diego
مؤلف مشترك: Universidad Nacional. Escuela de Planificación y Promoción Social
مؤلفون آخرون: Montejo Merino, Athenia
التنسيق: نص
منشور في: Heredia: Universidad Nacional
الموضوعات:
الوسوم: إضافة وسم
لا توجد وسوم, كن أول من يضع وسما على هذه التسجيلة!

MARC

LEADER 00000 a a2200000 04500
001 20023
003
040
090 |a 081900  
100 |a Palma Rodríguez, Diego  
110 |a Universidad Nacional. Escuela de Planificación y Promoción Social  
245 |a Evaluación del proyecto de extensión universitaria ECC /  |c Diego Palma Rodríguez  
260 |a Heredia:   |b Universidad Nacional  
300 |a 129 p.  
500 |a Sexto informe: set. 1977-may. 1978  
520 |a Evaluación de proyecto de extensión en empresas comunitarias de campesinos de la Escuela de Planificación y Promoción de la Universidad Nacional, Heredia, Costa Rica. Delínea el contexto del programa de la evaluación y caracteriza el comportamiento de cada uno de los actores sociales que intervienen en la cuestión agraria. Expone los principios teóricos que traducen lo que el equipo de extensión comprendió como su tarea de capacitación. Caracteriza las etapas del proyecto incluyendo en ellas sus debilidades más claras y reflexión crítica del equipo sobre el trabajo realizado. jmml  
650 |a EVALUACION DE PROYECTOS  
650 |a EMPRESAS AGRICOLAS  
650 |a COOPERATIVAS AGRICOLAS  
650 |a CAMPESINOS  
700 |a Montejo Merino, Athenia  
999 |c 14438  |d 14438